MARC

LEADER 00000nam0a2200000 4500
001 371217
005 20231102012346.0
035 |a (RuTPU)RU\TPU\retro\28627 
035 |a RU\TPU\book\41584 
090 |a 371217 
100 |a 20221003d1980 m y0rusy50 ca 
101 1 |a eng  |c rus 
102 |a RU 
105 |a a j 001zy 
200 1 |a Курс общей физики. Т. 2. Электричество и магнетизм. Волны. Оптика  |d Physics. A general course. Vol. 2. Electricity and magnetism. Waves. Optics  |e [учебное пособие]  |f И. В. Савельев 
210 |a Москва  |c Мир  |d 1980 
215 |a 508 с.  |c ил. 
300 |a На английском языке 
320 |a Имен. указ.: с. 495-496 
320 |a Предм. указ.: с. 497-508 
454 1 |0 (RuTPU)RU\TPU\book\41584  |t Т. 2: Электричество и магнетизм. Волны. Оптика  |d 1978  |p 480 с. 
510 1 |a Physics. A general course. Vol. 2. Electricity and magnetism. Waves. Optics  |z eng 
606 1 |a Физика  |2 stltpush  |3 (RuTPU)RU\TPU\subj\63709  |9 80688 
606 1 |a Электричество и магнетизм  |2 stltpush  |3 (RuTPU)RU\TPU\subj\71197  |9 85222 
606 1 |a Электромагнитные волны  |2 stltpush  |3 (RuTPU)RU\TPU\subj\20168  |9 45289 
606 1 |a Оптика  |2 stltpush  |3 (RuTPU)RU\TPU\subj\67665  |9 83386 
610 1 |a электрические поля 
610 1 |a вакуум 
610 1 |a диэлектрики 
610 1 |a проводники 
610 1 |a энергия 
610 1 |a электрический ток 
610 1 |a магнитные поля 
610 1 |a электромагнитная индукция 
610 1 |a уравнения Максвелла 
610 1 |a движение 
610 1 |a заряженные частицы 
610 1 |a металлы 
610 1 |a электропроводность 
610 1 |a газы 
610 1 |a электрический ток 
610 1 |a электрические колебания 
610 1 |a упругие волны 
610 1 |a свет 
610 1 |a интерференция 
610 1 |a дифракция 
610 1 |a поляризация 
610 1 |a учебные пособия 
610 1 |a английский язык 
675 |a 53(075.8)  |v 3 
675 |a 537(075.8)  |v 3 
675 |a 537.86(075.8)  |v 3 
675 |a 535(075.8)  |v 3 
700 1 |a Савельев  |b И. В.  |g Игорь Владимирович 
801 1 |a RU  |b 63413507  |c 20020517  |g PSBO 
801 2 |a RU  |b 63413507  |c 20221003  |g PSBO 
942 |c BK